• 首页
  • 本馆介绍
  • 公告通知
  • 最新文献
  • 馆藏检索
  • 电子资源
  • 读者导购
  • 参考咨询
  • 我的图书馆
  • 登录
  • 详细信息显示
  • 放入我的书架
  • 预约/预借图书
  • 作者相关作品
  • 分类相关作品
  • 丛书相关作品
  • 出版社相关作品

书目信息

  • 表格格式
  • 工作单格式
  • 卡片格式
题名:
比较哲学与比较文化论丛
    
 
作者: 吴根友 主编 ;武汉大学 , 武汉大学 编
分册: 第9辑  
出版信息: 北京   中国社会科学出版社  2016
页数: 232页
开本: 24cm
丛书名:
单 册:
中图分类: B0-53 , G04-53
科图分类:
主题词: 比较哲学--bi jiao zhe xue--文集 , 比较文化--bi jiao wen hua--文集
电子资源:
ISBN: 978-7-5161-8931-3
000 01204nam0 22002891 450
001 1760821613
005 20170620172032.46
010    @a978-7-5161-8931-3@dCNY58.00
100    @a20161202d2016 em y0chiy50 ea
101 0  @achi@eeng
102    @aCN@b110000
105    @ay z 000yy
106    @ar
200 1  @a比较哲学与比较文化论丛@9bi jiao zhe xue yu bi jiao wen hua lun cong@h第9辑@f武汉大学哲学学院,武汉大学中西比较哲学研究中心编
210    @a北京@c中国社会科学出版社@d2016
215    @a232页@d24cm
314    @a主编:吴根友
330    @a本书设有“特稿”、“许苏民教授《中西比较哲学研究史》评析专题”、“比较与对话:个案研究”、“学术新人”四个栏目。收录了《邓晓芒、杨效斯对谈录》《关于庄子的“坐忘”——比较文化论之一》《韩愈与佛教》《道德相对性、道德相对主义和宽容》《比较哲学:一个观察与评论》等文章。
606 0  @a比较哲学@9bi jiao zhe xue@j文集
606 0  @a比较文化@9bi jiao wen hua@j文集
690    @aB0-53@v5
690    @aG04-53@v5
701  0 @a吴根友@9wu gen you@f(1963~)@4主编
712 02 @a武汉大学@9wu han da xue@b哲学学院@4编
712 02 @a武汉大学@9wu han da xue@b中西比较哲学研究中心@4编
801  0 @aCN@b百万庄@c20170617
905    @b1013433-5@dB0-53@e277:9@f3
    
    比较哲学与比较文化论丛.第9辑/武汉大学哲学学院,武汉大学中西比较哲学研究中心编 .-北京:中国社会科学出版社,2016
    232页;24cm
    
    
    ISBN 978-7-5161-8931-3:CNY58.00
    本书设有“特稿”、“许苏民教授《中西比较哲学研究史》评析专题”、“比较与对话:个案研究”、“学术新人”四个栏目。收录了《邓晓芒、杨效斯对谈录》《关于庄子的“坐忘”——比较文化论之一》《韩愈与佛教》《道德相对性、道德相对主义和宽容》《比较哲学:一个观察与评论》等文章。
●
相关链接 在E读中查询图书 在五车中查询图书 在当当中查询图书 在豆瓣中查询图书


正题名:比较哲学与比较文化论丛     索取号:B0-53/277:9         预约/预借

序号 登录号 条形码 馆藏地/架位号 状态 备注
1 1013433   210134335   第一样本阅览室/ [索取号:B0-53/277:9] 在馆    
2 1013434   210134344   第一借阅区/ [索取号:B0-53/277:9] 在馆    
3 1013435   210134353   教育系资料室/ [索取号:B0-53/277:9] 在馆    
唐山师范学院图书馆 欢迎您!
大连网信软件有限公司© 版权所有